| 000 | 00344nam a22001217a 4500 | ||
|---|---|---|---|
| 008 | 180604b xxu||||| |||| 00| 0 eng d | ||
| 041 | _aeng | ||
| 080 | _a043.3 | ||
| 100 | _a0 | ||
| 101 | _aMBE-BA | ||
| 245 |
_aComparative analysis of banking regulations between European Central Bank and Central Bank of Kosovo _cDizdari, R |
||
| 942 |
_2udc _cBK |
||
| 999 |
_c46257 _d46257 |
||